Inorganic chemistry / (Record no. 26509)

MARC details
000 -LEADER
fixed length control field 01184cam a22003615i 4500
001 - CONTROL NUMBER
control field 15864562
003 - CONTROL NUMBER IDENTIFIER
control field EG-ScBUE
005 - DATE AND TIME OF LATEST TRANSACTION
control field 20250813093615.0
008 - FIXED-LENGTH DATA ELEMENTS--GENERAL INFORMATION
fixed length control field 090811r20172010ii a f bd 001 0 eng d
020 ## - INTERNATIONAL STANDARD BOOK NUMBER
International Standard Book Number 9780198757177
020 ## - INTERNATIONAL STANDARD BOOK NUMBER
International Standard Book Number 0198757174
040 ## - CATALOGING SOURCE
Original cataloging agency EG-ScBUE
Language of cataloging eng
Description conventions rda
Transcribing agency EG-ScBUE
Modifying agency EG-ScBUE
082 04 - DEWEY DECIMAL CLASSIFICATION NUMBER
Classification number 546
Item number INO
Edition number 22
245 00 - TITLE STATEMENT
Title Inorganic chemistry /
Statement of responsibility, etc Mark Weller, University of Bath, [and three others]
246 37 - VARYING FORM OF TITLE
Title proper/short title Shriver & Atkin's inorganic chemistry
246 30 - VARYING FORM OF TITLE
Title proper/short title Inorganic chemistry
250 ## - EDITION STATEMENT
Edition statement Sixth edition.
250 ## - EDITION STATEMENT
Edition statement Reprinted edition.
264 #1 - PUBLICATION, DISTRIBUTION, ETC. (IMPRINT)
Place of publication, distribution, etc New Delhi :
Name of publisher, distributor, etc Oxford University Press,
Date of publication, distribution, etc 2017.
300 ## - PHYSICAL DESCRIPTION
Extent xx, 875 pages :
Other physical details color illustrations ;
Dimensions 28 cm
336 ## - CONTENT TYPE
Source rdacontent
Content type term text
Content type code txt
337 ## - MEDIA TYPE
Media type term unmediated
Source rdamedia
Media type code n
338 ## - CARRIER TYPE
Carrier type term volume
Carrier type code nc
Source rdacarrier
500 ## - GENERAL NOTE
General note Includes online resource.
500 ## - GENERAL NOTE
General note Includes glossary.<br/>
504 ## - BIBLIOGRAPHY, ETC. NOTE
Bibliography, etc Includes bibliographical references and index.
650 #7 - SUBJECT ADDED ENTRY--TOPICAL TERM
Topical term or geographic name as entry element Chemistry, Inorganic.
Source of heading or term BUEsh
653 ## - INDEX TERM--UNCONTROLLED
Resource For college Engineering, Chemical
Arrived date list April2018
655 ## - INDEX TERM--GENRE/FORM
Form subdivision Text book
9 (RLIN) 33728
700 1# - ADDED ENTRY--PERSONAL NAME
Personal name Weller, Mark T.,
Relator term author.
856 40 - ELECTRONIC LOCATION AND ACCESS
Uniform Resource Identifier <a href="www.oxfordtextbooks.co.uk/orc/ichem6e">www.oxfordtextbooks.co.uk/orc/ichem6e</a>
942 ## - ADDED ENTRY ELEMENTS (KOHA)
Source of classification or shelving scheme Dewey Decimal Classification
Koha item type Book - Borrowing
Holdings
Withdrawn status Lost status Source of classification or shelving scheme Damaged status Not for loan Collection code Home library Current library Shelving location Date acquired Source of acquisition Total Checkouts Full call number Barcode Date last seen Price effective from Koha item type
    Dewey Decimal Classification     Baccah Central Library Central Library First floor 15/04/2018 Purchase   546 INO 000043167 15/07/2025 15/04/2018 NB - Book (Non borrowing)
    Dewey Decimal Classification     Baccah Central Library Central Library First floor 15/04/2018 Purchase   546 INO 000043168 15/07/2025 15/04/2018 Book - Borrowing
    Dewey Decimal Classification     Baccah Central Library Central Library First floor 15/04/2018 Purchase   546 INO 000043169 15/07/2025 15/04/2018 Book - Borrowing